| 000 | 00595nam a22001937a 4500 | ||
|---|---|---|---|
| 003 | koha_MIRAKIL | ||
| 005 | 20250409132132.0 | ||
| 008 | 250409b tur||||| |||| 00| 0 tur d | ||
| 020 | _a9786256998407 | ||
| 040 |
_aTR-IsEVY _btur _cTR-IsEVY |
||
| 082 | _aFIC DAV/K | ||
| 100 | _aDavies, Benji | ||
| 245 | 0 |
_aKışın dönen yavru balina / _cBenji Davies. |
|
| 250 | _a2. bs. | ||
| 260 |
_aİstanbul : _bRedhouse Kidz, _c2024. |
||
| 300 |
_a[32] s. _brenkli resimli ; _c24X27 cm. |
||
| 650 |
_aÇocuk Edebiyatı. _vÇocuk Hikayeleri. _vResimli Kitaplar. _vCesaret. _vDostluk. |
||
| 942 |
_2ddc _cBK |
||
| 999 |
_c21614 _d21614 |
||